The Amazing World of Gumball Characters by Picture - Statistics

General Stats
  • This quiz has been taken 927 times
  • The average score is 17 of 24
Answer Stats
Picture Answer % Correct
Darwin
99%
Gumball
99%
Richard
94%
Anais
91%
Nicole
90%
Banana Joe
89%
Penny
85%
Rob
82%
Tina
77%
Tobias
77%
Larry
74%
Alan
71%
Carrie
70%
Principal Brown
68%
Bobert
66%
Mr. Robinson
65%
Sarah
65%
Miss Simian
62%
Mr. Small
60%
Leslie
58%
Rocky
57%
Carmen
52%
Teri
47%
Molly
42%
No matching quizzes found
Score Distribution
Percent of People with Each Score
Percentile by Number Answered
Your Score History
You have not taken this quiz